Missing Word: 'A' Historical People Quiz Stats

 Plays Quiz Updated May 2, 2018

Score 0/20 Timer 05:00
1 Play Today
Person 'A' Word % Correct
Muhammad ________Ali
97.9%
________ EinsteinAlbert
97.9%
________ LincolnAbraham
97.6%
Neil ________Armstrong
97.1%
Joan of ________Arc
96.7%
________ HitchcockAlfred
96%
Edgar ________ PoeAllan
95.8%
________ HitlerAdolf
95%
________ EarhartAmelia
93.5%
Wolfgang ________ MozartAmadeus
90.2%
Person 'A' Word % Correct
________ the GreatAlexander
88.7%
Marie _______Antoinette
87.8%
________ FrankAnne
87.8%
Jane ________Austen
79.2%
________ the GiantAndre
78.5%
________ SmithAdam
63.5%
Paul the ________Apostle
57.4%
Mark ________Antony
38.9%
________ San Suu KyiAung
26.6%
________ of HippoAugustine
20%

Today's Daily Dose

Missing Word
1940s A-Z

Quick Pick
'S' Athletes

Get the Picture
Depp or Bonham Carter

You're not logged in!

Compare scores with friends on all Sporcle quizzes.
OR
Log In

Sporcle TV

Today on Sporcle TV


Watch our educational content, quiz creation guides, and fun videos on Sporcle TV.

Show Comments

Extras

Top Quizzes Today


Score Distribution

Your Account Isn't Verified!

In order to create a playlist on Sporcle, you need to verify the email address you used during registration. Go to your Sporcle Settings to finish the process.

Report this User

Report this user for behavior that violates our Community Guidelines.

Details: